| 000 | 00627nam a22001577a 4500 | ||
|---|---|---|---|
| 003 | macl | ||
| 005 | 20221021160557.0 | ||
| 008 | 221021b |||||||| |||| 00| 0 eng d | ||
| 040 | _cmacl | ||
| 082 | _a800/DEE | ||
| 100 |
_aभालचनद्र कृष्णाजी केलकर _981483 |
||
| 245 | _aपंडित दीनदयाल उपाध्याय विचार दर्शन खण्ड 3 राजनीतिक चिन्तन | ||
| 260 |
_aदिल्ली _bसुरूचि प्रकाशन _c1986 |
||
| 650 |
_aरचनावली _9163 |
||
| 942 |
_2ddc _cHIN |
||
| 999 |
_c65494 _d65494 |
||